000 00855nam a2200301Ia 4500
003 OSt
005 20221006143426.0
006 a|||||r|||| 00| 0
007 ta
008 221006b |||||||| |||| 00| 0 eng d
020 _a4789004449
_c¥1340
020 _a9784789004442
024 _a8,903
037 _bGift,
_cTextual
040 _aEASL
_cEASL
_beng
041 _2eng
_aeng
082 _aw42,N90, N1
245 0 _aWhat's what in Japan's diet government, and public agenies
260 _aJapan
_bThe Japan Times Japan
_c1991
300 _a165p.
_ccm.
490 _v JEL
650 _a Health and Welfare - Japan
_9649814
650 _a JEL
650 _a Welfare policy - Japan
_9649815
650 _aMinistry of Foreign Affairs - Japan
_9649816
942 _hw42,N90, N1
_cTEXL
_2CC
999 _c1076989
_d1076989